000 00475nam a2200169Ia 4500
003 GCL
008 140319s9999 xx 000 0 eng d
040 _aGCL /
_cGCL
082 0 4 _a747.3
_bH P
100 1 _aHOSKINS, LESLEY
245 1 0 _aTHE PAPERED WALL: THE HISTORY, PATTERNS AND TECHIQUES OF WALLPAPER /
_cHOSKINS, LESLEY
260 _a[S.N] :
_bTHAMES AND HUDSON ،
_c1994
300 _a256
650 0 4 _aWALL PAPER
650 0 4 _aINTERIOR DECORATION
942 _2ddc
_cBK
999 _c25301
_d25301